Superman Quiz (SPOILERS) - Statistics

General Stats
  • This quiz has been taken 65 times
  • The average score is 15 of 23
Answer Stats
Actor Role % Correct
David Corenswet Clark Kent/Superman
100%
Nicholas Hoult Lex Luthor
98%
Rachel Brosnahan Lois Lane
98%
Nathan Fillion Guy Gardner/Green Lantern
90%
Isabela Merced Hawkgirl
87%
Skyler Gisondo Jimmy Olsen
84%
Edi Gathegi Mr. Terrific
84%
Milly Alcock Kara Zor-El/Supergirl
82%
David Corenswet Ultraman
82%
John Cena Christopher Smith/Peacemaker
74%
María Gabriela de Faría The Engineer
74%
Anthony Carrigan Metamorpho
64%
Wendell Pierce Perry White
64%
Mikaela Hoover Cat Grant
61%
Bradley Cooper Jor-El
61%
Sara Sampaio Eve Teschmacher
59%
Alan Tudyk Gary
54%
Frank Grillo Rick Flag Sr.
54%
Neva Howell Ma Kent
36%
Pruitt Taylor Vince Pa Kent
36%
Angela Sarafyan Lara
34%
Zlatko Buric Vasil Ghurkos
25%
Dinesh Thyagarajan Malik Ali
18%
No matching quizzes found
Score Distribution
Percent of People with Each Score
Percentile by Number Answered
Your Score History
You have not taken this quiz